| 000 | 00865nam a2200289Ia 4500 | ||
|---|---|---|---|
| 001 | dia_2877 | ||
| 003 | CHAP | ||
| 005 | 20230331091251.0 | ||
| 008 | 220117s1968 xx 000 0 und d | ||
| 010 | _a173375 | ||
| 040 | _cCHAP | ||
| 082 | _a664.82 D83 1968 | ||
| 100 |
_aDuckworth, R. B. _934367 |
||
| 245 |
_aFrutas y verduras / _c R. B. Duckworth ; traducción Pedro Ducar Maluenda |
||
| 260 |
_aEspaña : _b Acribia, _c1968 |
||
| 300 | _axii, 304 p. | ||
| 500 | _aTítulo original: Fruit and vegetables | ||
| 504 | _aIncluye bibliografías | ||
| 590 | _aTX391 D83 1968 | ||
| 650 |
_aAlimentos _xFrutas _9153659 |
||
| 650 |
_aAlimentos _xHortalizas _9153660 |
||
| 700 | _aDucar Maluenda, Pedro, tr. | ||
| 901 | _a664.82 D83 1968 | ||
| 902 | _aM | ||
| 905 | _a5232271968 sp aimn8222223322spa16 | ||
| 942 |
_cLIBRO _2ddc |
||
| 999 |
_c173375 _d173375 |
||